6-Letter State Capitals Quiz Stats

Quiz Updated Jun 22, 2012

Also try: 6-Letter Countries
Challenge
Share
Tweet
Embed
Score 0/8 Timer 02:00
1 Play Today
Capital % Correct
Austin
82.9%
Albany
74.4%
Boston
69.1%
Denver
68.2%
Pierre
63.1%
Helena
61.7%
Juneau
58.4%
Topeka
54.3%

You're not logged in!

Compare scores with friends on all Sporcle quizzes.
Join for Free
OR
Log In

You Might Also Like...

Show Comments

Extras

Top Quizzes Today


Score Distribution

Your Account Isn't Verified!

In order to create a playlist on Sporcle, you need to verify the email address you used during registration. Go to your Sporcle Settings to finish the process.

Report this User

Report this user for behavior that violates our Community Guidelines.

Details: